Statistics for Arabic vocabulary

Click here to take the quiz!

General Stats

  • This quiz has been taken 13 times
  • The average score is 5 of 9

Answer Stats

Noun in arabicMeaning% Correct
SadiqFriend
100%
TariqRoad
67%
LahemMeat
58%
JazarCarrot
50%
SouqShop
50%
KhiyarCucumber
42%
RijlunLeg
42%
'ArisGroom
33%
TaqesWeather
33%

Score Distribution

Percentile by Number Answered

Percent of People with Each Score

Your Score History

You have not taken this quiz